[Event "Tourn. n10085"]
[Site "www.echecsemail.com"]
[Date "2019.03.29"]
[Round "1"]
[White "Pariolinius"]
[Black "Claudia"]
[WhiteElo "1840"]
[BlackElo "1850"]
[Result "0-1"]
[Round "1"]
1.c4 c5
2.Nb1c3 d6
3.Ng1f3 Ng8f6
4.d3 e6
5.g3 Bf8e7
6.Bf1g2 O-O
7.O-O a6
8.Bc1d2 Nb8c6
9.a3 Qd8c7
10.Qd1c2 b6
11.Ra1b1 Bc8b7
12.e4 h6
13.b4 cxb4
14.axb4 Rf8c8
15.d4 Nc6b8
16.Rf1e1 Qc7xc4
17.Rb1b3 d5
18.Bg2f1 Qc4c7
19.e5 Nf6e4
20.Qc2b2 Ne4xd2
21.Nf3xd2 Nb8c6
22.Nc3e2 b5
23.Re1c1 Qc7b6
24.Rc1c2 a5
25.bxa5 Ra8xa5
26.Ne2c3 Nc6xd4
{ resign }
0-1

[Event "Tourn. n10023"]
[Site "www.echecsemail.com"]
[Date "2019.03.29"]
[Round "1"]
[White "Yakke"]
[Black "Jjmcbride"]
[WhiteElo "1700"]
[BlackElo "1460"]
[Result "0-1"]
[Round "1"]
1.e4 e5
2.Ng1f3 Bf8d6
3.Bf1c4 c6
4.d3 h6
5.O-O b5
6.Bc4xf7 Kxf7
7.c3 Kg6
8.Nf3d2 Ng8f6
9.h3 Kh7
10.Qd1f3 g6
11.Qf3e3 Nf6h5
12.Nd2f3 Nh5f4
13.d4 exd4
14.Nf3xd4 Qd8f6
15.Qe3f3 Bd6e5
16.Rf1e1 d6
17.Nd4e2 g5
18.Bc1xf4 gxf4
19.Qf3d3 Bc8e6
20.Ne2xf4 Qf6xf4
21.g3 Rh8g8
22.h4 Qf4xh4
23.Nb1d2 Nb8d7
24.Kf1 Nd7c5
25.Qd3e2 Qh4h3
26.Kg1 Be5xg3
27.Nd2f1 Bg3xf2
28.Kxf2 Rg8g2

0-1

[Event "Match"]
[Site "www.echecsemail.com"]
[Date "2019.03.29"]
[Round "1"]
[White "Tbsundar"]
[Black "Guidom"]
[WhiteElo "2160"]
[BlackElo "2150"]
[Result "1-0"]
[Round "1"]
1.d4 d5
2.c4 e6
3.e3 Ng8f6
4.Nb1d2 c6
5.Ng1f3 Bf8e7
6.c5 Nb8d7
7.b4 a6
8.Bc1b2 O-O
9.Bf1d3 h6
10.O-O Qd8c7
11.Qd1e2 Rf8e8
12.Nf3e5 Nd7f8
13.f4 Nf6d7
14.Qe2h5 Nd7xe5
15.fxe5 Be7g5
16.Ra1e1 g6
17.Qh5g4 a5
18.b5 Qc7e7
19.Nd2f3 Qe7d8
20.h4 Bg5e7
21.b6 h5
22.Qg4g3 Kg7
23.Nf3g5 Be7xg5
24.hxg5 Bc8d7
25.Rf1f6 Re8e7
26.Re1f1 Qd8e8
27.Qg3f4 Nf8h7
28.Bb2c1 a4
29.a3 Qe8g8
30.g4 hxg4
31.Qf4xg4 Nh7xf6
32.gxf6 Kf8
33.fxe7 Kxe7
34.Qg4g5 Ke8
35.Bc1d2 Qg8g7
36.Bd2e1 Qg7h7
37.Be1h4 { resign }
1-0

[Event "Match"]
[Site "www.echecsemail.com"]
[Date "2019.03.29"]
[Round "1"]
[White "Guidom"]
[Black "Yudoka"]
[WhiteElo "2170"]
[BlackElo "1809"]
[Result "0-1"]
[Round "1"]
1.e4 c6
2.d4 d5
3.e5 Bc8f5
4.c3 e6
5.Bf1d3 Bf5g6
6.Bd3xg6 hxg6
7.Ng1f3 c5
8.O-O Nb8c6
9.Bc1e3 Qd8b6
10.Qd1b3 Ng8h6
11.Nb1d2 Nh6f5
12.h3 cxd4
13.cxd4 Bf8e7
14.Ra1c1 O-O
15.g4 Nf5xe3
16.fxe3 Qb6a6
17.a3 Ra8c8
18.Kg2 Rc8c7
19.Rc1c3 Rf8c8
20.Rf1c1 Kh7
21.h4 f6
22.exf6 Qa6e2
23.Kh3 Be7xf6
24.g5 Bf6d8
25.Rc1e1 Qe2a6
26.Qb3d1 Nc6e7
27.Rc3xc7 Bd8xc7
28.Qd1e2 Qa6xe2
29.Re1xe2 Bc7d6
30.Nd2b3 b6
31.e4 a5
32.e5 Bd6b8
33.Kg4 Ne7f5
34.h5 gxh5
35.Kf4 Rc8f8
36.Re2h2 Nf5xd4
{ resign }
0-1

[Event "1/128 Finale"]
[Site "www.chess-mail.com"]
[Date "2019.03.29"]
[Round "1"]
[White "Picifarkinca"]
[Black "Mitja"]
[WhiteElo "2110"]
[BlackElo "2070"]
[Result "1-0"]
[Round "1"]
1.e4 d5
2.exd5 Qd8xd5
3.Nb1c3 Qd5d8
4.d4 e6
5.Ng1f3 h6
6.Bf1d3 c6
7.O-O Ng8f6
8.Qd1e2 Bf8e7
9.Bc1f4 b6
10.Nc3e4 Bc8b7
11.c3 Nf6xe4
12.Bd3xe4 Be7f6
13.Bf4e5 Bf6xe5
14.Nf3xe5 O-O
15.Qe2f3 Qd8e7
16.Ne5xc6 Nb8xc6
17.Be4xc6 Bb7xc6
18.Qf3xc6 Rf8c8
19.Qc6e4 Rc8d8
20.Ra1d1 Ra8c8
21.Rf1e1 Rd8d5
22.Qe4xd5 { resign }
1-0

[Event "Match"]
[Site "www.echecsemail.com"]
[Date "2019.03.30"]
[Round "1"]
[White "Bigrezi"]
[Black "Calponas"]
[WhiteElo "2280"]
[BlackElo "2050"]
[Result "0-1"]
[Round "1"]
1.e4 c5
2.Ng1f3 d6
3.d4 cxd4
4.Nf3xd4 Ng8f6
5.Nb1c3 a6
6.Bf1e2 e5
7.Nd4f3 Bc8g4
8.O-O Bf8e7
9.Bc1e3 O-O
10.Qd1d2 Nb8c6
11.Ra1d1 Qd8c7
12.h3 Bg4h5
13.Rf1e1 Bh5g6
14.Be2d3 b5
15.a3 Rf8d8
16.Nf3h4 Nf6xe4
17.Nc3xe4 Ra8c8
18.c3 Be7xh4
19.g3 Bh4e7
20.Kh2 f5
21.Ne4g5 Qc7d7
22.Qd2c2 h6
23.Ng5f3 e4
24.Bd3xe4 fxe4
25.Nf3d2 d5
26.Nd2b3 Qd7f5
27.Nb3d4 Nc6xd4
28.Be3xd4 Be7f6
29.Bd4xf6 Qf5xf6
30.Qc2b3 Rc8c4
31.Re1e3 Qf6xf2
{ resign }
0-1

[Event "Tourn. n10080"]
[Site "www.echecsemail.com"]
[Date "2019.03.30"]
[Round "1"]
[White "Picifarkinca"]
[Black "Bojan"]
[WhiteElo "2140"]
[BlackElo "2020"]
[Result "1/2-1/2"]
[Round "1"]
1.e4 d5
2.d4 dxe4
3.f3 Bc8f5
4.Nb1c3 Ng8f6
5.g4 Bf5g6
6.g5 Nf6d5
7.Nc3xe4 e6
8.Bf1g2 c6
9.Ng1e2 Nb8a6
10.c3 Bf8e7
11.f4 Bg6h5
12.Ne4g3 Bh5g6
13.Qd1b3 Bg6d3
14.Bc1d2 Qd8c7
15.c4 Bd3xe2
16.Ng3xe2 Nd5b6
17.O-O-O O-O-O
18.Kb1 f6
19.Bg2h3 f5
20.Bd2a5 c5
21.d5 g6
22.Ba5c3 Rh8e8
23.Bc3e5 { draw }
1/2-1/2

[Event "Tourn. n10091"]
[Site "www.echecsemail.com"]
[Date "2019.03.30"]
[Round "1"]
[White "Picifarkinca"]
[Black "Estonia"]
[WhiteElo "2090"]
[BlackElo "1990"]
[Result "1/2-1/2"]
[Round "1"]
1.e4 c5
2.Nb1c3 Nb8c6
3.Ng1e2 e5
4.g3 d6
5.Bf1g2 Ng8f6
6.d3 Bc8g4
7.O-O Bf8e7
8.Bc1e3 O-O
9.Nc3d5 Nc6d4
10.f3 Nd4xe2
11.Qd1xe2 Bg4e6
12.c4 Be6xd5
13.exd5 Qd8a5
14.Be3d2 Qa5c7
15.Ra1e1 Nf6d7
16.f4 exf4
17.Qe2xe7 fxg3
18.hxg3 Ra8d8
19.Bd2f4 { draw }
1/2-1/2

[Event "Tourn. n10100"]
[Site "www.echecsemail.com"]
[Date "2019.03.30"]
[Round "1"]
[White "Mitja"]
[Black "Bojan"]
[WhiteElo "2140"]
[BlackElo "2000"]
[Result "1-0"]
[Round "1"]
1.d4 d5
2.e3 a6
3.c3 Nb8c6
4.h3 Ng8f6
5.Ng1f3 Nf6e4
6.Nb1d2 Qd8d6
7.Nd2xe4 dxe4
8.Nf3d2 Bc8f5
9.b3 e5
10.Nd2c4 Qd6d5
11.Qd1c2 b5
12.Nc4xe5 Nc6xe5
13.dxe5 Qd5xe5
14.Bc1b2 Qe5e6
15.Bf1e2 c6
16.c4 Ra8c8
17.O-O f6
18.Ra1d1 Bf8d6
19.c5 Bd6b8
20.a3 a5
21.b4 a4
22.Qc2d2 h5
23.f4 Kf7
24.Qd2c2 Rh8h6
25.Kh1 Bf5xh3
26.Kg1 Bh3f5
27.Rd1d2 h4
28.Qc2d1 Bb8c7
29.Be2h5 Ke7
30.Bh5e2 Rh6h8
31.Kf2 Rc8d8
32.Rd2xd8 Rh8xd8
33.Qd1c2 Kf7
34.Rf1d1 Rd8xd1
35.Qc2xd1 g5
36.fxg5 fxg5
37.Qd1d4 Qe6g6
38.Qd4d1 g4
39.Bb2d4 Bc7g3
40.Kg1 h3
41.gxh3 gxh3
42.Be2h5 h2
43.Kh1 Bf5h3
44.Bh5xg6 Kxg6
45.Bd4c3 Kg5
46.Qd1d8 Kh5
47.Qd8e8 Kh6
48.Qe8h8 { resign }
1-0

[Event "Tourn. n10085"]
[Site "www.echecsemail.com"]
[Date "2019.03.30"]
[Round "1"]
[White "Bojan"]
[Black "Andychesston"]
[WhiteElo "1980"]
[BlackElo "1990"]
[Result "0-1"]
[Round "1"]
1.e4 e5
2.Ng1f3 Nb8c6
3.c3 d6
4.d3 Bc8g4
5.h3 Bg4h5
6.g4 Bh5g6
7.Qd1b3 Qd8d7
8.Bc1e3 Nc6a5
9.Qb3d5 c5
10.a3 Ng8f6
11.Qd5a2 c4
12.Nf3h4 Na5b3
13.dxc4 Nb3xa1
14.Qa2xa1 Bg6xe4
15.Rh1g1 Be4c2
16.Nb1d2 Nf6e4
17.Bf1g2 Ne4xd2
18.Be3xd2 Bc2d3
19.b3 O-O-O
20.Qa1d1 Rd8e8
21.Bd2e3 e4
22.Be3xa7 g6
23.Bg2h1 Bf8h6
24.Nh4g2 Bh6g7
25.Qd1d2 d5
26.c5 d4
27.c4 h5
28.Ng2f4 Bg7h6
29.Kd1 hxg4
30.Rg1xg4 Qd7f5
31.Rg4h4 g5
32.Rh4xh6 Rh8xh6
33.Nf4xd3 Rh6xh3
34.Bh1xe4 Qf5xe4
35.Nd3b4 Qe4b1
{ resign }
0-1

[Event "Tourn. n10004"]
[Site "www.echecsemail.com"]
[Date "2019.03.30"]
[Round "1"]
[White "Drawlward"]
[Black "Aperturaf"]
[WhiteElo "2620"]
[BlackElo "2700"]
[Result "1-0"]
[Round "1"]
1.d4 d5
2.c4 e6
3.Ng1f3 Ng8f6
4.g3 dxc4
5.Bf1g2 c5
6.O-O Nb8c6
7.Qd1a4 Bc8d7
8.Qa4xc4 b5
9.Qc4d3 Ra8c8
10.dxc5 Bf8xc5
11.Nb1c3 b4
12.Nc3e4 Nf6xe4
13.Qd3xe4 Nc6e7
14.a3 a5
15.Rf1d1 Qd8b6
16.axb4 axb4
17.Bc1e3 Bc5xe3
18.Qe4xe3 Qb6xe3
19.fxe3 Bd7c6
20.Ra1a7 Ne7f5
21.Kf2 O-O
22.g4 Nf5h6
23.h3 f5
24.Kg3 Nh6f7
25.Rd1d4 fxg4
26.hxg4 b3
27.Rd4b4 Bc6d5
28.e4 Bd5c4
29.e3 e5
30.g5 Bc4e2
31.Bg2h3 Rc8e8
32.Nf3g1 Be2d3
33.Kh4 Kh8
34.Bh3g4 Bd3c2
35.Ra7d7 h6
36.g6 Nf7g5
37.Bg4f5 Re8b8
38.Rb4c4 Rf8xf5
39.exf5 Bc2xf5
40.Rd7d6 Kg8
41.Rd6a6 Kf8
42.Rc4c7 Rb8b4
43.Kg3 Rb4g4
44.Kf2 Ng5e4
45.Kf1 Bf5xg6
46.Ra6a8 Bg6e8
47.Ng1f3 Ne4f6
48.Nf3xe5 Rg4g5
49.Rc7f7 Kg8
50.Rf7e7 Kf8
51.Re7e6 Rg5f5
52.Ke2 Rf5h5
53.Ne5g4 Nf6xg4
54.Ra8xe8 Kf7
55.Re8e7 Kf8
56.Re7b7 Ng4f6
57.Re6c6 Kg8
58.Rb7xb3 { resign }
1-0

[Event "Tourn. n10054"]
[Site "www.echecsemail.com"]
[Date "2019.03.30"]
[Round "1"]
[White "Iko"]
[Black "Souricette64"]
[WhiteElo "1760"]
[BlackElo "1799"]
[Result "0-1"]
[Round "1"]
1.e4 c5
2.d4 cxd4
3.Qd1xd4 Nb8c6
4.Qd4d3 Ng8f6
5.Bc1g5 e6
6.Qd3f3 Qd8a5
7.c3 Qa5xg5
8.Ng1h3 Qg5c1
9.Qf3d1 Qc1xd1
10.Kxd1 Nf6xe4
11.Bf1d3 Ne4f6
12.Nb1d2 d5
13.Bd3b5 Bc8d7
14.Bb5d3 Bf8d6
15.g3 e5
16.Rh1e1 Bd7xh3
17.Bd3b5 Bh3d7
18.f4 e4
19.Kc2 O-O
20.Nd2b3 Nc6b4
21.cxb4 Bd7xb5
22.Ra1d1 Bb5d3
23.Kc3 Rf8c8
24.Kd4 Bd6xb4
25.Re1e3 Bd3c2
26.Rd1d2 Bc2xb3
27.axb3 Bb4c5
28.Ke5 Bc5xe3
29.Rd2e2 Rc8e8
30.Kd6 Ra8c8
31.Re2xe3 Re8e6

0-1

[Event "Match"]
[Site "www.echecsemail.com"]
[Date "2019.03.30"]
[Round "1"]
[White "Pforjan"]
[Black "D4minance"]
[WhiteElo "2330"]
[BlackElo "2389"]
[Result "0-1"]
[Round "1"]
1.b3 e5
2.Bc1b2 Nb8c6
3.e3 Ng8f6
4.Bf1b5 Bf8d6
5.Nb1a3 Bd6e7
6.Bb5xc6 bxc6
7.Na3c4 e4
8.d3 O-O
9.Ng1e2 d5
10.Nc4d2 exd3
11.cxd3 c5
12.Ra1c1 Rf8e8
13.Nd2f3 Be7d6
14.O-O Bc8g4
15.Ne2g3 h5
16.Rf1e1 h4
17.Ng3f1 Nf6h7
18.h3 Bg4h5
19.Nf1d2 Nh7g5
20.Kh1 Qd8c8
{ resign }
0-1

[Event "Tourn. n10065"]
[Site "www.echecsemail.com"]
[Date "2019.03.30"]
[Round "1"]
[White "Bojan"]
[Black "Picifarkinca"]
[WhiteElo "2020"]
[BlackElo "2030"]
[Result "1/2-1/2"]
[Round "1"]
1.c4 e6
2.a3 c5
3.g3 Nb8c6
4.b3 d5
5.e3 Ng8f6
6.d3 Bf8e7
7.Bc1b2 d4
8.exd4 Nc6xd4
9.Bf1g2 Ra8b8
10.Ng1e2 e5
11.Nb1d2 O-O
12.O-O b5
13.Rf1e1 Bc8g4
14.f3 Bg4f5
15.Ne2xd4 exd4
16.Nd2f1 bxc4
17.dxc4 Rf8e8
18.h3 h6
19.g4 Bf5h7
20.Nf1g3 Be7d6
21.Re1xe8 Qd8xe8
22.b4 Bd6xg3
23.Bb2c1 Qe8e1
24.Qd1xe1 Bg3xe1
25.Bc1f4 Rb8e8
26.Bg2f1 d3
27.Ra1d1 d2
28.Bf4xd2 Be1xd2
29.Rd1xd2 Bh7b1
30.Kf2 Kf8
31.f4 Nf6e4
32.Ke1 Ne4xd2
33.Kxd2 Bb1e4
34.Kc3 Re8d8
35.Bf1e2 Ke7
36.b5 Be4b7
37.h4 Rd8d4
38.f5 Rd4f4
39.a4 Rf4f2
40.Be2d1 Rf2f1
41.Bd1e2 Rf1h1
42.h5 Rh1h3
43.Kd2 Rh3a3
44.Be2d1 Ra3a2
{ draw }
1/2-1/2

[Event "Tourn. n10087"]
[Site "www.echecsemail.com"]
[Date "2019.03.30"]
[Round "1"]
[White "Fantomas"]
[Black "Picifarkinca"]
[WhiteElo "2240"]
[BlackElo "2110"]
[Result "0-1"]
[Round "1"]
1.e4 e5
2.Ng1f3 Nb8c6
3.d4 exd4
4.Bf1c4 Bf8e7
5.Nf3xd4 Nc6e5
6.Bc4b3 g5
7.Nd4f5 Be7f6
8.Qd1d5 d6
9.O-O Bc8xf5
10.exf5 c6
11.Qd5d1 h5
12.c3 d5
13.f4 Qd8b6
14.Kh1 gxf4
15.Bc1xf4 O-O-O
16.Qd1c2 Ng8e7
17.Nb1d2 Rh8g8
18.g3 h4
19.Nd2f3 hxg3
20.Bf4xg3 Ne5g4
21.Qc2d3 Ng4e3
22.Bg3f2 d4
23.Rf1e1 Ne3g4
24.Bf2g1 Ne7d5
25.Nf3xd4 Qb6c7
26.Ra1d1 Qc7xh2
{ resign }
0-1

[Event "Tourn. n10045"]
[Site "www.echecsemail.com"]
[Date "2019.03.30"]
[Round "1"]
[White "Szustan"]
[Black "Gvladutz"]
[WhiteElo "2540"]
[BlackElo "2500"]
[Result "1/2-1/2"]
[Round "1"]
1.e4 c5
2.c3 d5
3.exd5 Qd8xd5
4.d4 e6
5.Ng1f3 Ng8f6
6.Bf1e2 Nb8c6
7.O-O Bf8e7
8.c4 Qd5f5
9.Nb1c3 cxd4
10.Nf3xd4 Nc6xd4
11.Qd1xd4 O-O
12.Bc1f4 Bc8d7
13.Bf4d6 Be7xd6
14.Qd4xd6 Bd7c6
15.Rf1d1 Ra8c8
16.b4 Qf5g5
17.Qd6g3 Qg5xg3
18.fxg3 Rf8d8
19.Rd1xd8 Rc8xd8
20.c5 Kf8
21.Ra1d1 Rd8xd1
22.Be2xd1 Nf6d5
23.Nc3xd5 exd5
24.a4 a6
25.Kf2 d4
26.Ke2 Bc6e4
27.g4 Ke7
28.Bd1b3 Kf6
29.g3 Be4c6
30.Kd3 Ke5
31.Bb3xf7 Bc6xa4
32.g5 { draw }
1/2-1/2

[Event "Tourn. n10090"]
[Site "www.echecsemail.com"]
[Date "2019.03.30"]
[Round "1"]
[White "Ditto"]
[Black "Esperanza"]
[WhiteElo "1760"]
[BlackElo "1710"]
[Result "0-1"]
[Round "1"]
1.e4 e5
2.Ng1f3 Nb8c6
3.d4 exd4
4.Nf3xd4 Bf8c5
5.Nd4xc6 Qd8f6
6.Qd1e2 Qf6xc6
7.Nb1c3 Ng8f6
8.Bc1g5 O-O
9.Qe2f3 Bc5d4
10.Bf1b5 Bd4xc3
11.Qf3xc3 Qc6xb5
12.Bg5xf6 gxf6
13.Ra1d1 Qb5e5
14.Qc3b4 a5
15.Qb4b3 Qe5xe4
16.Kf1 b6
17.f3 Bc8a6
18.Kg1 Qe4e2
19.c3 Qe2e3
{ resign }
0-1

[Event "Tourn. n10088"]
[Site "www.echecsemail.com"]
[Date "2019.03.30"]
[Round "1"]
[White "Dougbeer"]
[Black "Rons"]
[WhiteElo "2570"]
[BlackElo "2680"]
[Result "1-0"]
[Round "1"]
1.e4 c5
2.d4 cxd4
3.c3 dxc3
4.Nb1xc3 e6
5.Ng1f3 a6
6.Bf1c4 b5
7.Bc4b3 Bc8b7
8.O-O b4
9.Nc3d5 exd5
10.Rf1e1 Bf8e7
11.exd5 d6
12.Qd1d4 Kf8
13.Qd4xb4 Ra8a7
14.Bc1e3 a5
15.Qb4f4 Ra7a6
16.Bb3c4 Be7f6
17.Ra1c1 h6
18.Be3d4 g5
19.Qf4f5 Bb7c8
20.Qf5d3 Ra6a8
21.Bc4b5 Bc8d7
22.Bb5c6 Nb8a6
23.Bc6xa8 Qd8xa8
24.Qd3e4 Kg7
25.h4 Na6b4
26.Rc1c7 Qa8d8
27.Rc7a7 Bf6xd4
28.Nf3xd4 Ng8f6
29.Nd4f5 Bd7xf5
30.Qe4xf5 gxh4
31.Re1e7 Rh8e8
32.Re7xf7 { resign }
1-0

[Event "1/32 Finale"]
[Site "www.chess-mail.com"]
[Date "2019.03.30"]
[Round "1"]
[White "Reignblowcan"]
[Black "Asoka"]
[WhiteElo "2530"]
[BlackElo "2730"]
[Result "1/2-1/2"]
[Round "1"]
1.c4 e5
2.Nb1c3 Nb8c6
3.g3 Ng8f6
4.Bf1g2 Bf8b4
5.Ng1f3 Bb4xc3
6.bxc3 O-O
7.O-O d6
8.d3 h6
9.Ra1b1 Ra8b8
10.Nf3e1 e4
11.Ne1c2 b6
12.dxe4 Rf8e8
13.f3 Bc8a6
14.Nc2e3 Nc6a5
15.Qd1a4 Qd8d7
16.Qa4xd7 Nf6xd7
17.Bg2h3 Nd7e5
18.Kf2 Ba6b7
19.Rf1d1 Rb8d8
20.Rd1d4 Kh7
21.Ne3d5 c6
22.Nd5e3 g6
23.c5 dxc5
24.Rd4xd8 Re8xd8
25.f4 Ne5c4
26.e5 Bb7c8
27.Bh3xc8 Rd8xc8
28.g4 Kg7
29.h4 f6
30.Ne3xc4 Na5xc4
31.exf6 Kxf6
32.e4 Rc8h8
33.Bc1e3 h5
34.g5 Ke6
35.Rb1d1 a5
36.Ke2 a4
37.Be3f2 Nc4d6
38.Rd1e1 Nd6b5
39.Re1c1 Rh8e8
40.c4 Nb5d6
41.Kf3 Re8e7
42.Ke3 Kd7
43.e5 Nd6f5
44.Ke4 Re7e8
45.Kd3 Re8d8
46.Rc1b1 Kc7
47.Kc3 Nf5d4
48.Bf2e3 Nd4e2
49.Kc2 Ne2d4
50.Kc3 Nd4e2
51.Kc2 Ne2d4
52.Kc3 { draw }
1/2-1/2

[Event "Tourn. n9997"]
[Site "www.echecsemail.com"]
[Date "2019.03.31"]
[Round "1"]
[White "Stepanpech"]
[Black "Apdash"]
[WhiteElo "2520"]
[BlackElo "2320"]
[Result "1-0"]
[Round "1"]
1.e4 e5
2.Ng1f3 Nb8c6
3.Bf1b5 d6
4.d4 exd4
5.Nf3xd4 Bc8d7
6.O-O Nc6xd4
7.Bb5xd7 Qd8xd7
8.Qd1xd4 Ng8f6
9.Rf1d1 Bf8e7
10.Nb1c3 Qd7c6
11.Nc3d5 Nf6xd5
12.exd5 Qc6xc2
13.Rd1e1 Qc2g6
14.Qd4e3 Qg6f6
15.Bc1d2 Kd8
16.Bd2c3 Qf6g5
17.f4 Qg5h4
18.g3 Qh4h5
19.Qe3xe7 Kc8
20.Bc3a5 b6
21.Ra1c1 Kb7
22.Qe7xc7 Ka6
23.Qc7c4 b5
24.Qc4c6 Kxa5
25.b4 Kxb4
26.Rc1b1 { resign }
1-0

[Event "Match"]
[Site "www.echecsemail.com"]
[Date "2019.03.31"]
[Round "1"]
[White "Chapi"]
[Black "Ditto"]
[WhiteElo "2090"]
[BlackElo "1710"]
[Result "1-0"]
[Round "1"]
1.d4 d5
2.c4 c6
3.Nb1c3 Ng8f6
4.Ng1f3 Bc8f5
5.Bc1g5 e6
6.e3 Bf8b4
7.Qd1b3 Bb4xc3
8.bxc3 b6
9.cxd5 cxd5
10.c4 Nb8d7
11.cxd5 exd5
12.Nf3e5 O-O
13.Bf1b5 Ra8c8
14.Ne5xd7 Bf5xd7
15.Bg5xf6 Qd8xf6
16.Bb5xd7 Rc8c7
17.Bd7g4 Qf6g6
18.Bg4f3 Rc7c4
19.Bf3xd5 Rc4c2
20.O-O Rc2c8
21.Ra1c1 Rc8d8
22.Rc1c7 a5
23.Rf1c1 Qg6g5
24.Bd5xf7 Kh8
25.Qb3xb6 Qg5f5
26.Qb6e6 Qf5d3
27.h3 Rd8b8
28.Rc7c8 Qd3d2
29.Rc8xf8 Rb8xf8
30.Rc1c8 Qd2b4
31.Rc8xf8 Qb4xf8
32.Qe6e8 { resign }
1-0

[Event "Tourn. n10076"]
[Site "www.echecsemail.com"]
[Date "2019.03.31"]
[Round "1"]
[White "Balbyns"]
[Black "Louis"]
[WhiteElo "2190"]
[BlackElo "2080"]
[Result "0-1"]
[Round "1"]
1.e4 c5
2.Ng1f3 d6
3.d4 cxd4
4.Nf3xd4 Ng8f6
5.Nb1c3 g6
6.Bf1c4 Bf8g7
7.O-O O-O
8.Rf1e1 Nb8c6
9.h3 Nc6xd4
10.Qd1xd4 a6
11.Bc1e3 Nf6g4
12.Qd4d2 Ng4xe3
13.Qd2xe3 b5
14.Bc4d5 Ra8b8
15.a3 Qd8b6
16.Qe3f3 e6
17.Bd5b3 a5
18.Ra1b1 a4
19.Bb3a2 b4
20.Nc3xa4 Qb6a6
21.Ba2b3 Bc8d7
22.axb4 Bd7xa4
23.Rb1a1 Rb8xb4
24.Ra1a2 Qa6b5
25.Re1a1 Ba4xb3
26.Ra2a5 Qb5c4
27.cxb3 Rb4xb3
28.Qf3d1 Rb3xb2
29.Ra5a8 Qc4xe4
30.Ra8xf8 Bg7xf8
 { time }
0-1

[Event "Match"]
[Site "www.echecsemail.com"]
[Date "2019.03.31"]
[Round "1"]
[White "Joseph1983"]
[Black "Pforjan"]
[WhiteElo "2160"]
[BlackElo "2369"]
[Result "1/2-1/2"]
[Round "1"]
1.Ng1f3 d5
2.b3 Ng8f6
3.e3 Bc8g4
4.Bc1b2 e6
5.d4 Bf8d6
6.Bf1d3 Nb8d7
7.Nb1d2 e5
8.dxe5 Bd6xe5
9.Qd1c1 Be5xb2
10.Qc1xb2 O-O
11.O-O Nd7c5
12.Bd3e2 Nc5e4
13.Rf1d1 Qd8e7
14.c4 Ne4xd2
15.Rd1xd2 dxc4
16.bxc4 Nf6e4
17.Rd2d1 c5
18.Rd1d5 Bg4e6
19.Rd5d1 Rf8d8
20.Qb2e5 Ne4f6
21.Nf3g5 Nf6d7
22.Qe5f4 Nd7f8
23.Ng5xe6 Nf8xe6
24.Qf4e4 g6
25.Be2f3 { draw }
1/2-1/2

[Event "Tourn. n10100"]
[Site "www.echecsemail.com"]
[Date "2019.03.31"]
[Round "1"]
[White "Bojan"]
[Black "Add"]
[WhiteElo "2020"]
[BlackElo "2180"]
[Result "1-0"]
[Round "1"]
1.e4 e5
2.Ng1f3 Nb8c6
3.Nb1c3 Bf8c5
4.Bf1b5 Ng8f6
5.d3 Nc6d4
6.Nc3a4 Nd4xb5
7.Na4xc5 d6
8.Nc5b3 Bc8g4
9.h3 Bg4h5
10.Bc1e3 h6
11.a4 Nb5d4
12.Nb3xd4 exd4
13.Be3xd4 Qd8e7
14.Qd1e2 c5
15.Bd4c3 O-O-O
16.Qe2e3 Bh5xf3
17.Qe3xf3 Rh8g8
18.a5 Nf6d5
19.Bc3d2 Nd5b4
20.Bd2xb4 cxb4
21.Qf3f5 Qe7e6
22.Qf5b5 d5
23.O-O dxe4
24.Rf1e1 f5
25.Qb5xb4 a6
26.dxe4 f4
27.f3 g5
28.Ra1d1 Kb8
29.Rd1d3 h5
30.Re1d1 Rd8xd3
31.Rd1xd3 g4
32.hxg4 hxg4
33.Kf2 gxf3
34.gxf3 Qe6f6
35.Qb4d6 Qf6xd6
36.Rd3xd6 Rg8f8
37.Rd6g6 Rf8f7
38.Ke2 Kc7
39.c4 { resign }
1-0

[Event "Tourn. n10089"]
[Site "www.echecsemail.com"]
[Date "2019.03.31"]
[Round "1"]
[White "Balbyns"]
[Black "Picifarkinca"]
[WhiteElo "2250"]
[BlackElo "2130"]
[Result "0-1"]
[Round "1"]
1.d4 d5
2.c4 e6
3.Nb1c3 Ng8f6
4.Bc1g5 Bf8e7
5.Ng1f3 O-O
6.e3 c6
7.Bf1d3 h6
8.Bg5h4 Nb8d7
9.O-O b6
10.cxd5 exd5
11.Rf1e1 Bc8b7
 { time }
0-1

[Event "Tourn. n10080"]
[Site "www.echecsemail.com"]
[Date "2019.03.31"]
[Round "1"]
[White "Coolant"]
[Black "Picifarkinca"]
[WhiteElo "2280"]
[BlackElo "2150"]
[Result "1/2-1/2"]
[Round "1"]
1.e4 e5
2.Ng1f3 Nb8c6
3.Bf1c4 Ng8f6
4.d4 exd4
5.e5 Nf6e4
6.O-O d5
7.exd6 Ne4xd6
8.Rf1e1 Bf8e7
9.Bc4d5 O-O
10.Bd5xc6 bxc6
11.Nf3xd4 Bc8d7
12.Qd1f3 Be7f6
13.Nd4xc6 Bd7xc6
14.Qf3xc6 Ra8b8
15.Nb1c3 Rb8b6
16.Qc6f3 Nd6c4
17.b3 Nc4e5
18.Qf3g3 Ne5g6
19.Bc1a3 Rf8e8
20.Ra1d1 Re8xe1
21.Rd1xe1 Rb6c6
{ draw }
1/2-1/2

[Event "Tourn. n10049"]
[Site "www.echecsemail.com"]
[Date "2019.03.31"]
[Round "1"]
[White "Fabos12"]
[Black "Fantomas"]
[WhiteElo "2010"]
[BlackElo "2190"]
[Result "0-1"]
[Round "1"]
1.d4 Ng8f6
2.Ng1f3 g6
3.c3 Bf8g7
4.g3 O-O
5.Bf1g2 d5
6.Nb1d2 Nb8c6
7.O-O Rf8e8
8.Rf1e1 e5
9.dxe5 Nc6xe5
10.Nf3xe5 Re8xe5
11.Nd2f3 Re5e8
12.Bc1g5 c6
13.Nf3d4 h6
14.Bg5xf6 Qd8xf6
15.e4 dxe4
16.Bg2xe4 Bc8h3
17.Be4g2 Bh3xg2
18.Kxg2 c5
19.Re1xe8 Ra8xe8
20.Qd1a4 Qf6e7
21.Nd4f3 Re8a8
22.Ra1e1 Qe7c7
23.Re1e8 Ra8xe8
24.Qa4xe8 Kh7
25.Nf3d2 b6
26.Nd2c4 a6
27.Nc4e3 Qc7b7
28.f3 Bg7f6
29.Ne3c4 Kg7
30.Nc4d6 Qb7e7
31.Qe8xe7 Bf6xe7
32.Nd6c4 b5
33.Nc4b6 f5
34.Kf2 Kf7
35.Ke3 Ke6
36.Nb6c8 Be7d8
37.a4 Kd7
38.Nc8a7 Bd8b6
39.Na7xb5 axb5
40.axb5 c4
41.Kf4 Bb6c7
42.Ke3 Bc7e5
43.f4 Be5f6
44.h3 Kd6
45.g4 Kc5
{ resign }
0-1

[Event "Tourn. n10089"]
[Site "www.echecsemail.com"]
[Date "2019.03.31"]
[Round "1"]
[White "Apdash"]
[Black "Balbyns"]
[WhiteElo "2140"]
[BlackElo "2250"]
[Result "1-0"]
[Round "1"]
1.e4 e5
2.Ng1f3 Nb8c6
3.Bf1b5 Ng8f6
4.O-O d6
5.d4 Bc8d7
6.Bc1g5 a6
7.dxe5 Nc6xe5
8.Bb5xd7 Ne5xd7
9.Rf1e1 Bf8e7
10.e5 Nd7xe5
11.Nf3xe5  { time }
1-0

[Event "Tourn. n10086"]
[Site "www.echecsemail.com"]
[Date "2019.03.31"]
[Round "1"]
[White "Cvilhena1976"]
[Black "Tartan"]
[WhiteElo "2310"]
[BlackElo "2510"]
[Result "1-0"]
[Round "1"]
1.e4 e6
2.d4 d5
3.Nb1c3 Bf8b4
4.e5 Qd8d7
5.Ng1f3 b6
6.Bf1d3 Bc8a6
7.O-O Bb4xc3
8.bxc3 Ba6xd3
9.cxd3 Ng8e7
{ time. }
1-0

[Event "Tourn. n10089"]
[Site "www.echecsemail.com"]
[Date "2019.03.31"]
[Round "1"]
[White "Balbyns"]
[Black "Ff333"]
[WhiteElo "2250"]
[BlackElo "2000"]
[Result "0-1"]
[Round "1"]
1.e4 e5
2.Ng1f3 d6
3.Bf1c4 h6
4.O-O Ng8f6
5.Nb1c3 c6
6.d4 Bc8g4
7.dxe5 Bg4xf3
8.gxf3 Nf6h7
9.exd6 Qd8xd6
10.Qd1xd6 Bf8xd6
11.f4 Nb8d7
12.Bc1e3 Bd6c5
13.Ra1d1 O-O-O
14.Bc4xf7 Rh8f8
 { time }
0-1

[Event "Match"]
[Site "www.echecsemail.com"]
[Date "2019.03.31"]
[Round "1"]
[White "Yudoka"]
[Black "Apdash"]
[WhiteElo "1809"]
[BlackElo "2140"]
[Result "1-0"]
[Round "1"]
1.d4 d5
2.c4 c6
3.Ng1f3 e6
4.e3 Bf8b4
5.Bc1d2 Bb4xd2
6.Nb1xd2 Ng8f6
7.Qd1c2 O-O
8.Bf1d3 h6
9.O-O Nb8d7
10.Rf1e1 dxc4
11.Nd2xc4 b5
12.Nc4e5 Bc8b7
13.Ne5xc6 Qd8b6
14.Nc6e5 Ra8c8
15.Qc2e2 a6
16.Re1c1 Bb7xf3
17.Ne5xf3 Nf6d5
18.a3 Nd7f6
19.Rc1c2 Rc8xc2
20.Qe2xc2 Nd5e7
21.Ra1c1 Rf8c8
22.Qc2xc8 Ne7xc8
23.Rc1xc8 { resign }
1-0

[Event "Match"]
[Site "www.echecsemail.com"]
[Date "2019.03.31"]
[Round "1"]
[White "Karlgrocer"]
[Black "Eeze"]
[WhiteElo "1930"]
[BlackElo "1830"]
[Result "1-0"]
[Round "1"]
1.d4 d5
2.e3 Ng8f6
3.Ng1f3 Bc8g4
4.Bf1e2 Nf6e4
5.O-O Bg4xf3
6.Be2xf3 Ne4f6
7.Nb1d2 Nb8c6
8.a3 e5
9.dxe5 Nc6xe5
10.Bf3e2 Bf8e7
11.b4 c6
12.Bc1b2 Be7d6
13.c4 Ne5xc4
14.Be2xc4 dxc4
15.Nd2xc4 Bd6c7
16.Qd1c2 O-O
17.Ra1d1 Qd8e7
18.Rf1e1 Nf6g4
19.g3 Ng4e5
20.Nc4xe5 Bc7xe5
21.Bb2xe5 Qe7xe5
22.Rd1d7 Ra8b8
23.Re1d1 a6
24.Rd1d4 Qe5f6
25.Qc2d2 h6
26.Kg2 Qf6e6
27.Qd2d3 Qe6f6
28.f4 Qf6e6
29.e4 Qe6a2
30.Kh3 Qa2e6
31.f5 Qe6e5
32.g4 Qe5f6
33.Kg3 Qf6e5
34.Kg2 Qe5f4
35.h3 Rf8e8
36.Rd7d8 Qf4c7
37.Rd8d7 Qc7e5
38.Qd3c4 Re8f8
39.h4 Qe5f4
40.Qc4e2 Qf4e5
41.h5 c5
42.Rd4d5 Qe5c3
43.bxc5 Qc3xa3
44.e5 Rf8e8
45.Qe2f2 Qa3b4
46.f6 Qb4xg4
47.Kf1 Qg4h3
48.Ke1 Qh3c3
49.Kf1 b5
50.fxg7 Qc3c4
51.Kg1 Qc4g4
52.Kf1 Kxg7
53.Qf2xf7 Kh8
54.Qf7h7 
1-0

[Event "Tourn. n10084"]
[Site "www.echecsemail.com"]
[Date "2019.03.31"]
[Round "1"]
[White "Bojan"]
[Black "Picifarkinca"]
[WhiteElo "2030"]
[BlackElo "2130"]
[Result "1/2-1/2"]
[Round "1"]
1.e4 c5
2.b3 Nb8c6
3.Bc1b2 d5
4.exd5 Qd8xd5
5.Nb1c3 Qd5d8
6.Nc3e4 b6
7.Qd1f3 Bc8b7
8.Bf1b5 Qd8c7
9.Ng1h3 Ng8f6
10.Nh3f4 Nf6xe4
11.Qf3xe4 O-O-O
12.Bb5c4 e6
13.f3 Nc6d4
14.Qe4d3 Qc7xf4
15.O-O-O Kb8
16.Qd3c3 Bf8e7
17.Kb1 Be7f6
18.Qc3e3 Qf4c7
19.a4 Rh8e8
20.c3 Nd4f5
21.Qe3f2 Nf5d6
22.Bc4d3 c4
23.Bd3c2 h6
24.Rh1e1 cxb3
25.Bc2xb3 Nd6c4
26.Bb2c1 Nc4a5
27.Bb3a2 Rd8d3
28.Re1e3 Re8d8
29.Re3xd3 Rd8xd3
30.Kc2 Rd3xc3
{ draw }
1/2-1/2